000 00178nam a2200073Ia 4500
008 170524s9999 xx 000 0 und d
100 _aBAJAJ
245 0 _aELECTRONIC COMMERCE
260 _bVRINDA PUBLICATION DELHI
999 _c7945
_d7945